000 00991nam a2200313 a 4500
001 000028207
003 DO-SdBPM
005 20260217075659.0
007 ta
008 110407t2010 dr a 001 p spa d
020 _a9789945163834
040 _aDO-SdBPM
_bspa
_cBPMSU
_drda
082 4 _aRD861.44
_bR139d 2010
_222
100 1 _aRaful, Tony,
_d1951-
245 1 0 _aDanza del amor y los mandalas :
_bpoemas /
_cTony Raful Tejada.
264 _aSanto Domingo :
_bEditora Búho,
_c2010.
300 _a84 páginas :
_bilustraciones ;
_c19 cm.
336 _atexto
_btxt
_2rdacontent
337 _asin mediación
_bn
_2rdamedia
338 _avolumen
_bnc
_2rdacarrier
500 _aIncluye datos biográficos del autor en la contracubierta.
590 _aInventariado, 2026/VM
650 7 _aPoesía dominicana
650 7 _aLiteratura dominicana.
650 7 _aDanzas
_vPoesías
650 z _aDominican literature
910 _aVMateo V. Control de calidad BPMSU
942 _2ddc
_cBK
999 _c15700
_d15700